[Event "FIDE World Uni Rapid-A 1st"]
[Site "Tornelo INT"]
[Date "2021.03.20"]
[Round "4"]
[White "Berdayes Ason, Dylan Isidro"]
[Black "Soumyajit, Das"]
[Result "1-0"]
[WhiteElo "2445"]
[BlackElo "1699"]
[PlyCount "53"]
[EventDate "2021.03.20"]
[EventType "swiss (rapid)"]
[EventRounds "12"]
[EventCountry "NET"]
[SourceTitle "CBM 201 Extra"]
[Source "ChessBase"]
[SourceDate "2021.05.31"]
[SourceVersion "1"]
[SourceVersionDate "2021.05.31"]
[SourceQuality "1"]

1. e4 d5 2. exd5 Qxd5 3. Nc3 Qd8 4. d4 Nf6 5. Bc4 e6 6. Nf3 Be7 7. 0-0 0-0 8. Re1 a6 9. a4 b6 10. Ne2 Bb7 11. Ng3 Nbd7 12. Bf4 c5 13. dxc5 Nxc5 14. Qxd8 Bxd8 15. Bd6 Re8 16. Ne5 Rc8 17. b3 Bc7 18. Bxc7 Rxc7 19. Rad1 g6 20. Rd6 b5 21. axb5 axb5 22. Bxb5 Nce4 23. Nxe4 Nxe4 24. Rxe4 Ra8 25. Ra4 Rxa4 26. bxa4 Rxc2 27. h4 1-0

[Event "FIDE World Uni Rapid-A 1st"]
[Site "Tornelo INT"]
[Date "2021.03.20"]
[Round "6"]
[White "Marques, Ricardo Martinho"]
[Black "Soumyajit, Das"]
[Result "1-0"]
[WhiteElo "1650"]
[BlackElo "1699"]
[PlyCount "69"]
[EventDate "2021.03.20"]
[EventType "swiss (rapid)"]
[EventRounds "12"]
[EventCountry "NET"]
[SourceTitle "CBM 201 Extra"]
[Source "ChessBase"]
[SourceDate "2021.05.31"]
[SourceVersion "1"]
[SourceVersionDate "2021.05.31"]
[SourceQuality "1"]

1. e4 d5 2. exd5 Qxd5 3. Nc3 Qd8 4. d4 Nf6 5. Nf3 g6 6. Bc4 Bg7 7. Bg5 0-0 8. Qd2 a6 9. a4 b6 10. 0-0 Bb7 11. Ne5 Nc6 12. f4 Qxd4+ 13. Qxd4 Nxd4 14. Rad1 Nxc2 15. Bxf6 exf6 16. Nxf7 Rxf7 17. Rd7 Raf8 18. Bb3 Ne3 19. Re1 Nf5 20. Rxc7 Nd6 21. Ree7 Bh6 22. Bxf7+ Rxf7 23. Rxf7 Nxf7 24. Rxb7 Bxf4 25. Nd5 Be5 26. Ne7+ Kf8 27. Nc6 Bxb2 28. Rxb6 Bc3 29. Rxa6 Ke8 30. Kf1 Kd7 31. Ra7+ Ke6 32. a5 h5 33. a6 Nd6 34. Re7+ Kd5 35. a7 1-0

[Event "FIDE World Uni Blitz-D 1st"]
[Site "Tornelo INT"]
[Date "2021.03.13"]
[Round "4.40"]
[White "Soumyajit, Das"]
[Black "Kembayev, Bakhytzhan"]
[Result "0-1"]
[WhiteElo "1699"]
[BlackElo "2054"]
[PlyCount "30"]
[EventDate "2021.03.13"]
[EventType "swiss (blitz)"]
[EventRounds "10"]
[EventCountry "NET"]
[SourceTitle "EXT 2022"]
[Source "ChessBase"]
[SourceDate "2021.10.06"]
[SourceVersion "1"]
[SourceVersionDate "2021.10.06"]
[SourceQuality "1"]

1. e4 d6 2. d4 Nf6 3. Nc3 Nbd7 4. f4 e5 5. dxe5 dxe5 6. f5 Bb4 7. Bd3 Nxe4 8. Bxe4 Bxc3+ 9. bxc3 Qh4+ 10. Kf1 Qxe4 11. Qd3 Nf6 12. Qxe4 Nxe4 13. g4 h5 14. Bb2 hxg4 15. Rd1 Ng3+ 0-1